[Event "NED-ch U14"]
[Site "Almelo"]
[Date "2022.05.05"]
[Round "6"]
[White "Kumar, Prayan Sai"]
[Black "Franco, Hugo1111"]
[Result "1-0"]
[WhiteElo "1562"]
[BlackElo "1441"]
[PlyCount "47"]
[EventDate "2022.05.01"]
[EventType "swiss"]
[EventRounds "9"]
[EventCountry "NED"]
[SourceTitle "EXT 2023"]
[Source "ChessBase"]
[SourceDate "2022.10.05"]
[SourceVersion "1"]
[SourceVersionDate "2022.10.05"]
[SourceQuality "1"]

1. d4 Nf6 2. Nf3 e6 3. Bf4 c5 4. e3 b6 5. Nbd2 Be7 6. Bd3 Bb7 7. 0-0 0-0 8. c3 d6 9. Qe2 Nbd7 10. e4 Nh5 11. Be3 h6 12. Ne1 Nhf6 13. f4 Qc7 14. Nef3 d5 15. e5 Ne4 16. g4 f6 17. Bf2 fxe5 18. fxe5 Nxd2 19. Nxd2 a6 20. h4 Rfe8 21. g5 hxg5 22. Bg6 Red8 23. Qh5 Nf8 24. Bf7# 1-0

[Event "NED-ch U14"]
[Site "Almelo"]
[Date "2022.05.02"]
[Round "2"]
[White "Kumar, Prayan Sai"]
[Black "Bosma, Jonathan"]
[Result "1-0"]
[WhiteElo "1562"]
[BlackElo "884"]
[PlyCount "112"]
[EventDate "2022.05.01"]
[EventType "swiss"]
[EventRounds "9"]
[EventCountry "NED"]
[SourceTitle "EXT 2023"]
[Source "ChessBase"]
[SourceDate "2022.10.05"]
[SourceVersion "1"]
[SourceVersionDate "2022.10.05"]
[SourceQuality "1"]

1. d4 Nf6 2. Nf3 d6 3. Bf4 Bf5 4. e3 e6 5. c4 c6 6. Nc3 d5 7. Qb3 Qb6 8. c5 Qxb3 9. axb3 Ne4 10. Bxb8 Rxb8 11. Rxa7 Nxc3 12. bxc3 f6 13. Be2 g6 14. 0-0 Bg7 15. Nd2 0-0 16. g4 Be4 17. f3 Bh6 18. Kf2 f5 19. fxe4 fxe4+ 20. Ke1 Rxf1+ 21. Nxf1 b6 22. b4 bxc5 23. dxc5 Bg7 24. Kd2 g5 25. Ba6 Be5 26. Bb7 Rf8 27. Ra8 Bb8 28. Ke2 Kf7 29. Bxc6 Ke7 30. b5 Kf7 31. Bb7 Be5 32. Rxf8+ Kxf8 33. c6 Bc7 34. h3 Ke7 35. Nd2 Kd6 36. Nb3 e5 37. Kd2 Bb6 38. Ba6 Kc7 39. Nc1 Kd6 40. Ne2 Ke6 41. Ng3 Kd6 42. Nf5+ Ke6 43. Kc2 h5 44. Ng7+ Kf7 45. Nxh5 Kg6 46. Ng3 Kf6 47. Nf5 Ke6 48. Kd2 Kf6 49. Nd6 Ke6 50. Nc8 Ba5 51. b6 d4 52. c7 Bxc3+ 53. Kd1 Kd5 54. Ne7+ Kd6 55. c8Q Kxe7 56. b7 d3 1-0

[Event "NED-ch U14"]
[Site "Almelo"]
[Date "2021.08.05"]
[Round "6"]
[White "Kumar, Prayan Sai"]
[Black "Kien, Lancelot"]
[Result "1/2-1/2"]
[WhiteElo "1652"]
[BlackElo "1650"]
[PlyCount "63"]
[EventDate "2021.08.01"]
[EventType "swiss"]
[EventRounds "9"]
[EventCountry "NED"]
[SourceTitle "EXT 2022"]
[Source "ChessBase"]
[SourceDate "2021.10.06"]
[SourceVersion "1"]
[SourceVersionDate "2021.10.06"]
[SourceQuality "1"]

1. d4 d5 2. c4 dxc4 3. e4 Nf6 4. e5 Nd5 5. Bxc4 Bf5 6. Qb3 c6 7. Ne2 b5 8. Bxd5 Qxd5 9. Qxd5 cxd5 10. Nbc3 Nc6 11. Nxd5 0-0-0 12. Ne3 Bd3 13. Nf4 Rxd4 14. Nxd3 Rxd3 15. Ke2 Rd4 16. b3 e6 17. Bb2 Rd7 18. Rac1 Kb7 19. a3 Nd4+ 20. Bxd4 Rxd4 21. Rhd1 Rxd1 22. Rxd1 Kc7 23. b4 a5 24. Nc2 Be7 25. Rd3 Ra8 26. Rf3 f5 27. Rb3 axb4 28. Nxb4 Bxb4 29. Rxb4 Kc6 30. Rb3 Ra4 31. f3 Kc5 32. Rd3 1/2-1/2

[Event "NED-ch U14"]
[Site "Almelo"]
[Date "2021.08.04"]
[Round "5"]
[White "Lopes, Samuel"]
[Black "Kumar, Prayan Sai"]
[Result "1-0"]
[WhiteElo "1124"]
[BlackElo "1652"]
[PlyCount "62"]
[EventDate "2021.08.01"]
[EventType "swiss"]
[EventRounds "9"]
[EventCountry "NED"]
[SourceTitle "EXT 2022"]
[Source "ChessBase"]
[SourceDate "2021.10.06"]
[SourceVersion "1"]
[SourceVersionDate "2021.10.06"]
[SourceQuality "1"]

1. e4 c6 2. d4 d5 3. exd5 cxd5 4. Bf4 Nc6 5. Nc3 Nf6 6. Nb5 Qa5+ 7. c3 e5 8. dxe5 Nd7 9. e6 fxe6 10. Nc7+ Ke7 11. Nxa8 e5 12. Nc7 Qxc7 13. Bg5+ Nf6 14. Qxd5 Be6 15. Bxf6+ gxf6 16. Qe4 Bg7 17. Nf3 f5 18. Qe3 h5 19. Bc4 Bxc4 20. Qc5+ Qd6 21. Qxc4 Rd8 22. 0-0 e4 23. Nh4 Rf8 24. Rad1 Qf6 25. Qc5+ Ke8 26. Qd6 Ne7 27. Qxf6 Bxf6 28. g3 f4 29. Ng2 f3 30. Nf4 Be5 31. Ne6 Rh8 1-0